| 000 | 00491nam a22001817a 4500 | ||
|---|---|---|---|
| 003 | OSt | ||
| 005 | 20231030131007.0 | ||
| 008 | 231030b |||||||| |||| 00| 0 eng d | ||
| 020 | _a9780521190657 | ||
| 040 | _cDDC | ||
| 082 | _aWN 100 B2761 2011 | ||
| 245 |
_aIntroduction to Medical Imaging. _bPhysics,Engineering and Clinical applications. |
||
| 260 |
_aUSA _bCambridge, _c2011. |
||
| 300 |
_axii,286p; _bill, _c25cm. |
||
| 504 | _aindex | ||
| 650 |
_aMedicine _9324 |
||
| 942 |
_2ddc _cO_SHELF |
||
| 999 |
_c8235 _d8235 |
||